Normal view
MARC view
Entry Personal Name
001 - CONTROL NUMBER
- control field: 777333
003 - CONTROL NUMBER IDENTIFIER
- control field: OSt
005 - DATE AND TIME OF LATEST TRANSACTION
- control field: 20250508164113.0
008 - FIXED-LENGTH DATA ELEMENTS
- fixed length control field: 250508|| aca||aabn | a|a d
040 ## - CATALOGING SOURCE
- Original cataloging agency: OSt
- Transcribing agency: OSt
100 ## - HEADING--PERSONAL NAME
- Personal name: Tandon Bishan
670 ## - SOURCE DATA FOUND
- Source citation: Work cat.: (OSt)1387080: Tandon Bishan, Aapatkal: Ek diary 1 November 1947 to August 1975. Part 1, 2002
